La historia de México a través de sus centenarios : las conmemoraciones como espejo de la sociedad en los último cinco siglos /

Estudio sobre cómo las conmemoraciones nacionales han servido para validar los discursos relacionados a la fundación de México. Se analizan cinco momentos históricos, con un centenario de distancia: la caída de México-Tenochtitlán en 1621, la consolidación del reino novohispano en 1721, la consolida...

תיאור מלא

שמור ב:
מידע ביבליוגרפי
מחבר ראשי: Martínez Assad, Carlos (coordinación e introducción)
פורמט: ספר
שפה:ספרדית
יצא לאור: México : Siglo XXI, 2024, c2024
סדרה:(Historia Siglo XXI)
נושאים:
תגים: הוספת תג
אין תגיות, היה/י הראשונ/ה לתייג את הרשומה!

MARC

LEADER 00000nam^a2200000^a^4500
001 000627524
005 20260203000000.0
009 20260310134056.456
020 |a 978-607-03-1453-7 
037 |a Acervo ITESO - Biblioteca 
041 |a ESP 
082 |a 972.  |b MAR 
100 |a Martínez Assad, Carlos  |e (coordinación e introducción) 
245 1 3 |a La historia de México a través de sus centenarios :  |b las conmemoraciones como espejo de la sociedad en los último cinco siglos /  |c Coord. e introd. de C. Martínez Assad. 
264 4 |a México :  |b Siglo XXI,  |c 2024, c2024 
300 |a 261 p. 
336 |a texto  |b txt  |2 rdacontenido 
337 |a sin mediación  |b n  |2 rdamedio 
338 |a volumen  |b nc  |2 rdasoporte 
440 1 |a (Historia Siglo XXI) 
520 |a Estudio sobre cómo las conmemoraciones nacionales han servido para validar los discursos relacionados a la fundación de México. Se analizan cinco momentos históricos, con un centenario de distancia: la caída de México-Tenochtitlán en 1621, la consolidación del reino novohispano en 1721, la consolidación del Estado mexicano independiente en 1821, el festejo de la Revolución en 1921, y el escenario de incertidumbre hacia el futuro en el 2021. 
521 |a FIL 2025 DIA 
649 |a XX 
650 |a Fiestas Cívicas -  |z México -  |x Tema Principal 
650 |a Identidad Nacional -  |z México 
650 |a Identidad Cultural -  |z México 
650 |a Prácticas Culturales -  |z México 
650 |a México -  |x Historia -  |x Tema Principal 
910 |a Fondo General 
920 |a Impresos - Libros 
930 |a Colección General 
905 |a 101 
901 |a 627524-10  |b IT1  |c ACC  |i C192167  |u 20260203 
902 |a https://opac.biblio.iteso.mx/vufind/Record/000627524